| 000 | 01042cam a22001934a 4500 | ||
|---|---|---|---|
| 005 | 20250605164028.0 | ||
| 008 | 250528s ||||||||||||||||||||||||d | ||
| 035 | _a16532 | ||
| 020 | _a504002 | ||
| 040 |
_aGR-AtMCL _bgre _dGR-AtMCL _eAACR2 |
||
| 245 | 1 | _aΣτοιχεία Ασφαλιστικού Δικαίου / Τέταρτη έκδοση | |
| 260 |
_bΣάκκουλα, _c1986 |
||
| 300 | _a148 | ||
| 520 | _aΠρόλογος, Γενικό Μέρος, Εισαγωγή, Η Ασφάλιση, Η Ασφαλιστική Σύμβαση, Υποχρεώσεις των Μερών, Εκχώρηση και Παραγραφή, Γενικές Αρχές Ασφαλιστικής Ζημιάς, Ιδιαίτερες Μορφές Χερσαίας Ασφάλισης Ζημιάς, Θαλάσσια Ασφάλιση, Ασφάλιση Ποσού, Κυριότερη Βιβλιογραφία, Ευρετήριο Διατάξεων. | ||
| 700 | 1 |
_aΑργυριαδης Αλκης Απ _92631 |
|
| 942 | _cBK | ||
| 999 |
_c2025 _d2025 |
||